书目信息 |
| 题名: |
圆猪猪乐享烘焙
|
|
| 作者: | 圆猪猪编著 | |
| 分册: | ||
| 出版信息: | 青岛 青岛出版社 2015 |
|
| 页数: | 300页 | |
| 开本: | 25cm | |
| 丛书名: | ||
| 单 册: | ||
| 中图分类: | TS21 , TS213.2 | |
| 科图分类: | ||
| 主题词: | ||
| 电子资源: | ||
| ISBN: | 978-7-5552-1943-9 | |
| 000 | 00615nam0 2200229 450 | |
| 001 | 2103 | |
| 005 | 20161205104401.71 | |
| 010 | @a978-7-5552-1943-9@dCNY39.80 | |
| 100 | @a20151207d2015 em y0chiy50 ea | |
| 101 | 0 | @achi |
| 102 | @aCN@b370000 | |
| 105 | @aa z 000yy | |
| 200 | 1 | @a圆猪猪乐享烘焙@f圆猪猪编著 |
| 210 | @a青岛@c青岛出版社@d2015 | |
| 215 | @a300页@c彩图@d25cm@e2光盘 | |
| 300 | @a含光盘 | |
| 307 | @a附光盘:ISBN 978-7-88859-379-4 | |
| 330 | @a烘焙·糕点加工 | |
| 690 | @aTS21@v5 | |
| 690 | @aTS213.2@v4 | |
| 801 | 0 | @aCN@b大连网信软件有限公司图书馆·11@c20161205 |
| 905 | @aZUCC@dTS21@e226 | |
| 圆猪猪乐享烘焙/圆猪猪编著.-青岛:青岛出版社,2015 |
| 300页:彩图;25cm+2光盘 |
| 含光盘 |
| ISBN 978-7-5552-1943-9:CNY39.80 |
| 烘焙·糕点加工 |
| ● |
| 相关链接 |
|
|
|
|
正题名:圆猪猪乐享烘焙
索取号:TS21/226
 
预约/预借
| 序号 | 登录号 | 条形码 | 馆藏地/架位号 | 状态 | 备注 |
| 1 | 910401 | 209104011 | 第二样本阅览室/ [索取号:TS21/226] | 在馆 | |
| 2 | 910402 | 209104020 | 第三借阅区/ [索取号:TS21/226] | 在馆 | |
| 3 | 910403 | 209104039 | 第三借阅区/ [索取号:TS21/226] | 在馆 | |
| 4 | 910404 | 209104048 | 第三借阅区/ [索取号:TS21/226] | 在馆 | |
| 5 | 910405 | 209104057 | 第三借阅区/ [索取号:TS21/226] |
已借出,限还日期为2025.06.10 借出人:张妍 |